000
00335nam a2200157Ia 4500
003
0STCL
008
150530s9999 xx 000 0 und d
040
_a
STCL
_c
STCL
100
_a
Ben Jonson
245
_a
Volpone or the Fox
260
_c
1977
546
_a
English
942
_2
ddc
_c
BK
999
_c
55967
_d
55967
005
20220125171001.0